[Event "Piestany op-B"]
[Site "Piestany"]
[Date "2023.07.15"]
[Round "5"]
[White "Mecir, Andrej"]
[Black "Daniska, Jozef"]
[Result "0-1"]
[WhiteElo "1000"]
[BlackElo "1264"]
[PlyCount "80"]
[EventDate "2023.07.11"]
[EventType "swiss"]
[EventRounds "9"]
[EventCountry "SVK"]
[SourceTitle "EXT 2024"]
[Source "ChessBase"]
[SourceDate "2023.10.10"]
[SourceVersion "1"]
[SourceVersionDate "2023.10.10"]
[SourceQuality "1"]

1. d4 d5 2. c4 c6 3. cxd5 cxd5 4. Nc3 Nf6 5. Bf4 Nc6 6. Nf3 e6 7. a3 Bd6 8. Bg3 0-0 9. e3 a6 10. Bd3 Re8 11. Qc2 g6 12. Ne5 Qe7 13. Qa4 Bd7 14. Qb3 Na5 15. Qc2 Rac8 16. Nxd7 Nxd7 17. Bxd6 Qxd6 18. b4 Nc6 19. h4 e5 20. 0-0-0 e4 21. Be2 Nf6 22. h5 Ne7 23. Qb3 Qc6 24. Kb2 b5 25. Rc1 Kf8 26. Nxe4 Qe6 27. Nc5 Qf5 28. g4 Qxf2 29. Rhe1 Nxg4 30. Nd7+ Kg7 31. hxg6 Rxc1 32. Rxc1 Qxe2+ 33. Ka1 Nxg6 34. Qxd5 Rxe3 35. Nb8 Rxa3+ 36. Kb1 Qd3+ 37. Rc2 Rb3+ 38. Kc1 Ra3 39. Nc6 Ra1+ 40. Kb2 Qa3# 0-1